000 01894cam a22004574i 4500
003 PE-LiUPU
005 20250731172800.0
008 150617s r 000 0 d
035 _a(Sirsi) a13049
040 _aPE-LiUPU
_bspa
_cPE-LiUPU
_erda
049 _aPRUA
082 0 4 _a220.91
_bT95
_221
100 1 _aTurner, Fe de,
_eautor.
245 1 3 _aLa geografía sagrada - 1 /
_cFe de Turner.
264 1 _aQuito :
_bAcademia Cristiana del Aire,
_c1964.
300 _a131 páginas :
_bil. ;
_c27 cm
336 _atext
_2rdacontent
337 _aunmediated
_2rdamedia
338 _avolume
_2rdacarrier
505 0 _aIntroducción a la geografía de Palestina -- Situación, límites, nombres -- El aspecto físico de Palestina -- Divisiones naturales - I -- Divisiones naturales - II -- Hidrografía - I (ríos) -- Hidrografía - II (lagos, mares) -- Los montes de Palestina - I -- Los montes de Palestina - II -- Desiertos, llanos, valles -- Clima, lluvia y estaciones, vientos -- Vías de comunicación y pozos -- Aspecto económico -- Consecuencias históricas y espirituales resultantes de la topografía de Palestina.
526 _aSEG42
526 _aSEG41
526 _aSEG40
526 _aSEG39
526 _aP94
526 _aP87
526 _aP86
526 _aP85
526 _aP77
526 _aP76
526 _aP35
650 0 4 _aGeografía biblica.
651 _aPALESTINA
_xHISTORIA.
_94472
910 _ajck
_bjvq
_cjck
_d20150616
942 _2ddc
_cBOOK
949 _a220.91 T95
_wDEWEY
_c1
_i12955
_lCCODEBUL1
_mBUL
_p00.00
_r0
_sY
_tBOOK
_u19850128
_xTEOLOGIA
_PP35
_0COMPRA
_o.STAFF. Colección General
994 _aC0
_bPEPRU
596 _a1
999 _a220.91 T95
_wDEWEY
_c3375
_i12955
_f2021-11-11
_g6
_lCCODEBUL1
_mBUL
_r0
_sY
_tBOOK
_u2015-6-17
_xTEOLOGIA
_PP35
_0COMPRA
_o.STAFF. Colección General
_d3375
980 _81
_gALBERTO SANCHEZ Responsable de Automatización